Normal view
MARC view
- Man in the Iron Mask
Entry Personal Name
001 - CONTROL NUMBER
- control field: 86067
003 - CONTROL NUMBER IDENTIFIER
- control field: OSt
005 - DATE AND TIME OF LATEST TRANSACTION
- control field: 20250211144402.0
008 - FIXED-LENGTH DATA ELEMENTS
- fixed length control field: 250211|| aca||aabn | a|a d
040 ## - CATALOGING SOURCE
- Original cataloging agency: OSt
- Transcribing agency: OSt
100 ## - HEADING--PERSONAL NAME
- Personal name: Man in the Iron Mask
- Form subdivision: Fiction
670 ## - SOURCE DATA FOUND
- Source citation: Work cat.: (OSt)48439: Dumas, Alexandre, author. 84842, The man in the iron mask /, 2008.